Le congrès panafricain de préhistoire : livret-guide de la session 29-IX--4-X, des excursions, 19-IX--16-X.

محفوظ في:

مؤلف مشترك: Pan-African Congress on Prehistory and Quaternary Studies Algiers)

التنسيق: وقائع المؤتمر كتاب

اللغة: French

منشور في: Alger : publisher not identified, 1952.

الموضوعات:

الوسوم: إضافة وسم

لا توجد وسوم, كن أول من يضع وسما على هذه التسجيلة!

رقم الطلب: DT13 .P3 1952

LEADER 00762namaa2200229 4500
001 12578
003 OSt
005 20260315112355.0
008 130303s1952 ae g 100 0 fre d
010 |a 55032507 
040 |c ARCE Library 
043 |a f------ 
050 4 |a DT13 .P3 1952 
111 2 |a Pan-African Congress on Prehistory and Quaternary Studies  |n (2nd :  |d 1952 :  |c Algiers)  |9 21114 
245 1 3 |a Le congrès panafricain de préhistoire :  |b livret-guide de la session 29-IX--4-X, des excursions, 19-IX--16-X. 
264 1 |a Alger :  |b publisher not identified,  |c 1952. 
300 |a 177 pages ;  |c 20 cm. 
650 0 |a Prehistoric peoples  |z Africa  |v Congresses. 
651 0 |a Africa  |x Antiquities  |v Congresses. 
901 |a reviewed 
942 |c BK  |2 lcc 
999 |c 12792  |d 12792